[Event "ESP-ch playoff"]
[Site "?"]
[Date "1993.??.??"]
[Round "9"]
[White "Magem Badals, Jorge"]
[Black "Garcia Ilundain, David"]
[Result "1/2-1/2"]
[WhiteElo "2505"]
[BlackElo "2480"]

1.e4 c5 2.Nf3 d6 3.d4 cxd4 4.Nxd4 Nf6 5.Nc3 Nc6 6.Bg5 e6 7.Qd2 a6 8.O-O-O Bd7
9.f3 Qc7 10.Kb1 Be7 11.h4 Rc8 12.g4 Nxd4 13.Qxd4 b5 14.Be3 e5 15.Qb6 Qxb6
16.Bxb6 h6 17.Ba5 Rc6 18.Bb4 Be6 19.Rh2 Kd7 20.a4 bxa4 21.Ba3 Rb8  1/2-1/2

[Event "ESP-ch"]
[Site "?"]
[Date "1993.??.??"]
[Round "8"]
[White "Vehi Bach, Victor Manuel"]
[Black "San Segundo, Pablo"]
[Result "1-0"]
[WhiteElo "2380"]
[BlackElo "2440"]

1.e4 c5 2.Nf3 d6 3.d4 cxd4 4.Nxd4 Nf6 5.Nc3 Nc6 6.Bg5 e6 7.Qd2 a6 8.O-O-O h6
9.Be3 Be7 10.f4 Bd7 11.h3 b5 12.Bd3 Nxd4 13.Bxd4 b4 14.Ne2 e5 15.Be3 Qa5
16.Kb1 O-O 17.g4 Rfd8 18.g5 exf4 19.Nxf4 hxg5 20.Nd5 Nxd5 21.exd5 Re8 22.Bxg5 Bb5
23.h4 Bxd3 24.Qxd3 Qc5 25.Be3 Qb5 26.Qf5 Bf6 27.Rhg1 Be5 28.Bh6 Kf8 29.Rdf1 Ra7
30.Qg5 gxh6 31.Qg8+ Ke7 32.Qxf7+ Kd8 33.Qxa7  1-0

[Event "ESP-ch"]
[Site "?"]
[Date "1993.??.??"]
[Round "9"]
[White "Romero Holmes, Alfonso"]
[Black "Garcia Ilundain, David"]
[Result "1/2-1/2"]
[WhiteElo "2440"]
[BlackElo "2480"]

1.e4 c5 2.Nf3 d6 3.d4 Nf6 4.Nc3 cxd4 5.Nxd4 Nc6 6.Bg5 e6 7.Qd2 a6 8.O-O-O Bd7
9.f4 b5 10.Nf3 b4 11.Bxf6 Qxf6 12.Ne2 Qd8 13.f5 Be7 14.Nf4 O-O 15.fxe6 fxe6
16.Bc4 Qc8 17.Rhe1 Na5 18.Bd3 Nc4 19.Bxc4 Qxc4 20.b3 Qc5 21.Nd3 Qa5 22.Kb1 Rab8
23.Nb2 Rfc8 24.Nc4 Qc7 25.Nxd6 Bxd6 26.Qxd6 Qxc2+ 27.Ka1 Qc3+ 28.Kb1 Bb5
29.Ne5 Qc2+ 30.Ka1 Qc3+ 31.Kb1  1/2-1/2

[Event "ESP-chT"]
[Site "?"]
[Date "1993.??.??"]
[Round "?"]
[White "Morovic Fernandez, Ivan"]
[Black "San Segundo, Pablo"]
[Result "1-0"]
[WhiteElo "2575"]
[BlackElo "2440"]

1.e4 c5 2.Nf3 d6 3.d4 cxd4 4.Nxd4 Nf6 5.Nc3 Nc6 6.Bg5 e6 7.Qd2 a6 8.O-O-O h6
9.Be3 Bd7 10.f4 Be7 11.h3 b5 12.Bd3 Nxd4 13.Bxd4 b4 14.Ne2 e5 15.Be3 Qa5
16.Kb1 O-O 17.g4 Rfd8 18.g5 hxg5 19.fxg5 Be6 20.Nc1 Nh5 21.Qf2 Rab8 22.Nb3 Qc7
23.Be2 Nf4 24.Bxf4 exf4 25.Qxf4 a5 26.Nd4 a4 27.Nxe6 fxe6 28.Bg4 Qd7 29.Bh5 g6
30.Bxg6 Bf8 31.Rhf1 Rb7 32.Qg4  1-0

[Event "Espoo op"]
[Site "Espoo"]
[Date "1993.??.??"]
[Round "4"]
[White "Klovans, Janis"]
[Black "Manninen, Marko"]
[Result "1/2-1/2"]
[WhiteElo "2440"]
[BlackElo "2380"]

1.e4 c5 2.Nf3 Nc6 3.d4 cxd4 4.Nxd4 Nf6 5.Nc3 d6 6.Bg5 e6 7.Qd2 Be7 8.O-O-O Nxd4
9.Qxd4 O-O 10.f4 Qa5 11.Bc4 Bd7 12.e5 dxe5 13.fxe5 Bc6 14.Bd2 Nd7 15.Nd5 Qd8
16.Nxe7+ Qxe7 17.Be3 Qb4 18.Bd2 Qe7 19.Rhe1 Nb6 20.Be2 Rfc8 21.Kb1 Bd5 22.b3 Qc5
23.Qxc5 Rxc5 24.Bf1 Rcc8 25.c4 Bc6 26.Bb4 Nd7 27.Bd6 a5 28.Rd4 b6 29.Kb2 Nc5
30.a3 Ra7 31.g3 h6 32.Red1 Kh7 33.Bxc5 bxc5 34.Rd8 Rcc7 35.Bd3+ g6 36.Bc2 Kg7
37.R1d6 Bf3 38.Kc3 Bg4 39.Rb8 f6 40.exf6+ Kxf6 41.Rdd8 Bf5 42.Rd6 Bxc2 43.Kxc2 a4
44.Rbb6 axb3+ 45.Kxb3 Re7 46.Rdc6 Ra5 47.a4 h5 48.Rb5 Rea7 49.Rxa5 Rxa5 50.Rb6 Ra8
51.Rb5 Rc8 52.a5 e5 53.a6 Ra8 54.Ra5 Kf5 55.Ka4 Ke4 56.Kb5 Kd4 57.a7 e4 58.Ra6 e3
59.Rd6+ Kc3 60.Re6 Rxa7 61.Rxe3+ Kd4 62.Rf3 g5 63.Rf5 Rb7+ 64.Kc6 Rb2 65.h3 Rb3
66.Rxg5 Kxc4 67.Rxc5+ Kd4 68.Rg5 h4  1/2-1/2

[Event "Espoo op"]
[Site "Espoo"]
[Date "1993.??.??"]
[Round "5"]
[White "Paavilainen, Jorma"]
[Black "Manninen, Marko"]
[Result "0-1"]
[WhiteElo "2315"]
[BlackElo "2380"]

1.e4 c5 2.Nf3 Nc6 3.d4 cxd4 4.Nxd4 Nf6 5.Nc3 d6 6.Bg5 e6 7.Qd3 Be7 8.Rd1 O-O
9.Nb3 a5 10.a3 a4 11.Nd2 d5 12.Nf3 Ra5 13.exd5 exd5 14.Be2 d4 15.Nb5 Bd7
16.Nbxd4 Nxd4 17.Qxd4 Rd5 18.Qh4 Rxd1+ 19.Bxd1 Qb6 20.O-O Qxb2 21.Re1 Qxa3
22.Ne5 Be6 23.Nd3 b5 24.Bc1 Qd6 25.Bf4 Qd4 26.Qg3 Nd7 27.Bg4 Bxg4 28.Rxe7 Be6
29.Be3 Qa1+ 30.Nc1 a3 31.Qd6 a2 32.Rxe6 Qb1 33.Re7 a1=Q 34.Rxd7 Qa8 35.h3 Qxc2
36.Nd3 Qcc6  0-1

[Event "Espoo op"]
[Site "Espoo"]
[Date "1993.??.??"]
[Round "8"]
[White "Pulkkinen, Kari"]
[Black "Hjelm, Niclas"]
[Result "1-0"]
[WhiteElo "2265"]
[BlackElo "2255"]

1.e4 c5 2.Nf3 Nc6 3.d4 cxd4 4.Nxd4 Nf6 5.Nc3 d6 6.Bg5 e6 7.Qd2 a6 8.O-O-O h6
9.Be3 Be7 10.f4 Nxd4 11.Bxd4 b5 12.Qe3 Bb7 13.Bxf6 gxf6 14.Kb1 Qa5 15.Bd3 Rc8
16.f5 b4 17.Ne2 Qc5 18.Qg3 Kd7 19.fxe6+ fxe6 20.Nf4 Qe5 21.Qe3 Rhg8 22.Rhe1 Bf8
23.Qb6 Rc7 24.Nd5 exd5 25.exd5 Qg5 26.g4 Qxg4 27.Rf1 Rg5 28.Bxa6 Bxa6 29.Qxa6 Be7
30.Rfe1 Kd8 31.Qa8+ Qc8 32.Qa5 Ke8 33.Qxb4 Kf7 34.Qe4 Kg7 35.h4 f5 36.Qf3 Rg4
37.Re6 Bf6 38.Qxf5  1-0

[Event "FIN-ch"]
[Site "FIN"]
[Date "1993.??.??"]
[Round "?"]
[White "Holmsten, Aleksei"]
[Black "Pulkkinen, Kari"]
[Result "1-0"]
[WhiteElo "2265"]
[BlackElo "2265"]

1.e4 c5 2.Nf3 d6 3.d4 cxd4 4.Nxd4 Nf6 5.Nc3 Nc6 6.Bg5 e6 7.Qd2 a6 8.O-O-O Bd7
9.f4 b5 10.Bxf6 gxf6 11.Nxc6 Bxc6 12.Qe1 Be7 13.Bd3 Qb6 14.Kb1 Qc5 15.f5 b4
16.Ne2 e5 17.Ng3 Rc8 18.Qe2 Bb7 19.Rd2 Rc7 20.Rhd1 O-O 21.b3 Bc6 22.Qh5 Qe3
23.Re2 Qg5 24.Qxg5+ fxg5 25.Bxa6 Ra8 26.Bc4 Rca7 27.c3 bxc3 28.Rc1 Bd8 29.Rxc3 Bb7
30.Rd3 Bb6 31.Rxd6 Bd4 32.Rd7 Bc6 33.Bxf7+ Kf8 34.Rxa7 Rxa7 35.Bc4 Bg1 36.Nf1 Rd7
37.Kc2 Rd4 38.Bd3 Rd7 39.g4 Ra7 40.a4 Rc7 41.Kd2 Rd7 42.Kc2 Rc7 43.Kb1 Rd7
44.Bc2 Bd4 45.Nd2 Rb7 46.Kc1 h6 47.Nf3 Ba1 48.Re3 Ke7 49.Kb1 Bd4 50.Nxd4 exd4
51.Rh3 Bxa4 52.Ka2 Be8 53.Rxh6 Rc7 54.Kb2 Rc5 55.Re6+ Kd7 56.b4  1-0

[Event "FIN-chT"]
[Site "FIN"]
[Date "1993.??.??"]
[Round "?"]
[White "Paavilainen, Jorma"]
[Black "Yrjola, Jouni"]
[Result "1/2-1/2"]
[WhiteElo "2315"]
[BlackElo "2460"]

1.e4 c5 2.Nf3 d6 3.d4 cxd4 4.Nxd4 Nf6 5.Nc3 Nc6 6.Bg5 e6 7.Qd2 a6 8.O-O-O Bd7
9.Be2 Nxd4 10.Qxd4 Qa5 11.f4 Bc6 12.Bf3 e5 13.Qc4 Be7 14.Bxf6 gxf6 15.Nd5 Bxd5
16.Rxd5 Qb6 17.fxe5 fxe5 18.Rf1 O-O 19.Bg4 Kh8 20.Qe2 Bg5+ 21.Kb1 f6 22.Bf5 Rf7
23.Rd3 Rc7 24.Rb3 Qc6 25.Rc3 Qb6 26.Rxc7 Qxc7 27.Qh5 Rg8 28.Rf3 Bd2 29.Rg3 Rxg3
30.hxg3 Qe7 31.Qe2 Bb4 32.Qc4 Bc5 33.a3 a5 34.Qb5 b6 35.Qc6 Kg7 36.Qc8 Qf8
37.Qd7+ Qf7 38.c3 Qxd7 39.Bxd7 Kf7 40.Kc2 h6 41.Kd3  1/2-1/2

[Event "FIN-SWE"]
[Site "FIN"]
[Date "1993.??.??"]
[Round "1"]
[White "Hellers, Ferdinand"]
[Black "Yrjola, Jouni"]
[Result "1/2-1/2"]
[WhiteElo "2565"]
[BlackElo "2460"]

1.e4 c5 2.Nf3 d6 3.d4 cxd4 4.Nxd4 Nf6 5.Nc3 Nc6 6.Bg5 e6 7.Qd2 a6 8.O-O-O Bd7
9.f4 h6 10.Bh4 g5 11.fxg5 Ng4 12.Kb1 Be7 13.Nf3 Nge5 14.Be2 hxg5 15.Bg3 b5
16.Rdf1 Rc8 17.Nd1 Nxf3 18.gxf3 Ne5 19.Ne3 Bc6 20.Rc1 Qb6 21.c4 f6 22.cxb5 axb5
23.Nc2 Kf7 24.Nd4 Bd7 25.Rxc8 Rxc8 26.f4 Nc4 27.Qd1 e5 28.fxe5 dxe5 29.Nf5 Bxf5
30.exf5 Kf8 31.h4 Rd8 32.Qe1  1/2-1/2

[Event "Forli op"]
[Site "Forli"]
[Date "1993.??.??"]
[Round "3"]
[White "Drei, Andrea"]
[Black "Loncar, Robert"]
[Result "0-1"]
[WhiteElo "2255"]
[BlackElo "2440"]

1.e4 c5 2.Nf3 d6 3.d4 cxd4 4.Nxd4 Nf6 5.Nc3 Nc6 6.Bg5 e6 7.Qd2 a6 8.O-O-O h6
9.Be3 Be7 10.Be2 Bd7 11.f4 b5 12.Bf3 Rc8 13.Nb3 Qc7 14.Rhe1 b4 15.Na4 Na5
16.Nb6 Nc4 17.Nxc4 Qxc4 18.Bd4 O-O 19.Qd3 Qc7 20.e5 Bb5 21.Qd2 Nd7 22.Kb1 dxe5
23.fxe5 a5 24.Qf2 a4 25.Na1 Nc5 26.Be2 Qb7 27.Bxb5 Qxb5 28.Qe2 Qxe2 29.Rxe2 Rfd8
30.Ree1 Rd5 31.c3 bxc3 32.bxc3 Na6 33.Kc2 Nb4+ 34.Kb2 Nc6 35.Nc2 Rcd8 36.Ne3 R5d7
37.Nc2 Bc5 38.Re4 Ba7 39.Kc1 Bb8 40.Rde1 Rc8 41.Kb2 Rb7+ 42.Kc1 Ne7 43.R4e3 Bc7
44.Rd3 Nd5 45.Rf1 Bd8 46.Ne3 Bg5 47.Rf3 Rcb8 48.c4 Bxe3+ 49.Rdxe3 Nxe3 50.Rxe3 Rd8
51.Re4 Rbd7 52.Be3 Rd1+ 53.Kc2 Re1  0-1

[Event "FRA"]
[Site "FRA"]
[Date "1993.??.??"]
[Round "?"]
[White "Santo Roman, Marc"]
[Black "Lecuyer, Christian"]
[Result "1-0"]
[WhiteElo "2410"]
[BlackElo "2265"]

1.e4 c5 2.Nf3 Nc6 3.d4 cxd4 4.Nxd4 Nf6 5.Nc3 d6 6.Bg5 e6 7.Qd2 a6 8.O-O-O h6
9.Be3 Bd7 10.f4 Qc7 11.h3 Be7 12.g4 Nxd4 13.Bxd4 Bc6 14.Bg2 b5 15.e5 dxe5
16.Bxe5 Qb7 17.Bxc6+ Qxc6 18.g5 hxg5 19.fxg5 b4 20.gxf6 bxc3 21.Bxc3 Bxf6
22.Bxf6 gxf6 23.Qf4 Rc8 24.c3 Ke7 25.Rhf1 e5 26.Qb4+ Qc5 27.Qa4 Rc6 28.Rf3 Rd8
29.Rxd8 Kxd8 30.Rd3+ Ke7 31.Qg4 Re6 32.Qe4 Rd6 33.Rxd6 Kxd6 34.Qb4 Qxb4 35.cxb4 f5
36.h4 f4 37.h5 Ke6 38.h6 Kf6 39.a4 e4 40.b5 axb5 41.axb5  1-0

[Event "FRA"]
[Site "FRA"]
[Date "1993.??.??"]
[Round "?"]
[White "Salaun, Yann"]
[Black "Murrey, Jacob"]
[Result "0-1"]
[WhiteElo "2370"]
[BlackElo "2530"]

1.e4 c5 2.Nf3 d6 3.d4 cxd4 4.Nxd4 Nf6 5.Nc3 Nc6 6.Bg5 Bd7 7.Be2 Qa5 8.Bxf6 gxf6
9.O-O Nxd4 10.Qxd4 Rc8 11.a4 Qc5 12.Rfd1 Bg7 13.Bb5 Qxd4 14.Rxd4 f5 15.Rb4 Bxc3
16.bxc3 fxe4 17.Bxd7+ Kxd7 18.Rxb7+ Ke6 19.Re1 f5 20.f3 Rxc3 21.fxe4 f4 22.Re2 Rg8
23.Kf1 a5 24.Rb5 Rc5 25.Rxc5 dxc5 26.Rd2 Ke5 27.Rd5+ Kxe4 28.Rxc5 e5 29.Rc4+ Kd5
30.Rc7 h6 31.Ra7 Rc8 32.Rxa5+ Kd4 33.Ra6 Rxc2 34.Rxh6 e4 35.Rb6 Ra2 36.Rb4+ Kd3
37.Rb3+ Kd2 38.Rb8 Ra1+ 39.Kf2 e3+ 40.Kf3 Rf1+ 41.Kg4 e2 42.Rd8+ Kc3 43.Re8 e1=Q
44.Rxe1 Rxe1 45.Kxf4 Kd4 46.h4 Rf1+ 47.Kg5 Ke5 48.h5 Ke6 49.g4 Kf7 50.Kh6 Kg8  0-1

[Event "FRA"]
[Site "FRA"]
[Date "1993.??.??"]
[Round "?"]
[White "Santo Roman, Marc"]
[Black "Levacic, Damir"]
[Result "1/2-1/2"]
[WhiteElo "2410"]
[BlackElo "2385"]

1.e4 c5 2.Nf3 d6 3.d4 cxd4 4.Nxd4 Nf6 5.Nc3 Nc6 6.Bg5 e6 7.Qd2 Be7 8.O-O-O Nxd4
9.Qxd4 O-O 10.f4 Qa5 11.Bc4 Bd7 12.e5 dxe5 13.fxe5 Bc6 14.Bd2 Nd7 15.Nd5 Qd8
16.Nxe7+ Qxe7 17.Rhe1 Rfd8 18.Qg4 Nf8 19.Re3 Qc5 20.Bd3 Rd4 21.Qh5 f5 22.Rg3 Rd7
23.Bc3 b5 24.Re1 b4 25.Bd2 Rc8 26.Qh4 Rxd3 27.Bxb4 Qd4 28.Rxg7+ Kxg7 29.Qf6+ Kg8
30.Bxf8 Qf4+ 31.Kb1 Rxf8 32.Qxe6+ Kg7 33.cxd3 Qd2 34.Rc1 Qxd3+ 35.Ka1 Be4
36.Qe7+ Kg8 37.Qg5+ Kh8 38.Qh6 Qd8 39.Rc7 Rf7 40.Rc1 Qf8 41.Qe6 Qe7 42.Qb3 Rf8
43.e6 Re8 44.g3 Qxe6 45.Qxe6 Rxe6 46.Rc8+ Kg7 47.Rc7+ Kg6 48.Rxa7 Bd5 49.b4 Re2
50.b5 Rxh2 51.b6 Rg2 52.b7 Bxb7 53.Rxb7 Rxg3 54.Kb1 f4 55.Kc1 Rg2 56.Kd1 h5
57.Rb8 Rxa2 58.Ke1 Kf5 59.Kf1 Kg4 60.Rb3 Rh2 61.Kg1 Re2 62.Kf1 Re3 63.Rb8 Rg3
64.Kf2 Ra3 65.Rg8+ Kh3 66.Rf8 Ra4 67.Kf3 h4 68.Rh8 Rb4 69.Rh7 Rb8 70.Rh6 Rb1
71.Kxf4 Rf1+ 72.Kg5 Rg1+ 73.Kf4 Rg8 74.Kf3 Rf8+ 75.Ke2 Kg3 76.Rg6+ Kh2 77.Rh6 h3
78.Rh7 Kg2 79.Rg7+ Kh1 80.Rh7 h2  1/2-1/2

[Event "FRA"]
[Site "FRA"]
[Date "1993.??.??"]
[Round "?"]
[White "Schabanel, Stephane"]
[Black "Lecuyer, Christian"]
[Result "0-1"]
[WhiteElo "2230"]
[BlackElo "2265"]

1.e4 c5 2.Nf3 Nc6 3.d4 cxd4 4.Nxd4 Nf6 5.Nc3 d6 6.Bg5 e6 7.Qd2 a6 8.O-O-O h6
9.Be3 Nxd4 10.Bxd4 b5 11.Kb1 Be7 12.Qe3 Bb7 13.e5 dxe5 14.Bxe5 Qa5 15.Qg3 b4
16.Bc7 Qc5 17.Na4 Qc6 18.Nb6 Ne4 19.Qxg7 Bf6 20.Qxf6 Nxf6 21.Nxa8 Nd5 22.Be5 Rg8
23.Be2 Bxa8 24.Bf3 Qb5 25.Ka1 Ke7 26.Rhe1 Rc8 27.Be4 a5 28.f4 a4 29.f5 b3
30.cxb3 axb3 31.a3 f6 32.Bd3 Qc5 33.Bg3 e5 34.Bh4 Kf7 35.g4 Nb4  0-1

[Event "FRA"]
[Site "FRA"]
[Date "1993.??.??"]
[Round "?"]
[White "Boudre, Jean Pierre"]
[Black "Levacic, Damir"]
[Result "1-0"]
[WhiteElo "2380"]
[BlackElo "2385"]

1.e4 c5 2.Nf3 Nc6 3.d4 cxd4 4.Nxd4 Nf6 5.Nc3 d6 6.Bg5 e6 7.Qd2 Be7 8.O-O-O Nxd4
9.Qxd4 O-O 10.e5 dxe5 11.Qxe5 Bd7 12.h4 Rc8 13.Rh3 Qc7 14.Qxc7 Rxc7 15.Nb5 Bxb5
16.Bxb5 Rfc8 17.Bd3 Ng4 18.Bxe7 Rxe7 19.Rd2 Rec7 20.Bf1 Kf8 21.Rhd3 Ke7 22.Rd4 f5
23.Bb5 Nf6 24.Re2 g6 25.Bd3 Rd7 26.Rxd7+ Nxd7 27.c3 Rc5 28.Bc2 Re5 29.Kd2 Kd6
30.Rxe5 Nxe5 31.b3 Ng4 32.f3 Nf6 33.c4 e5 34.b4 b6 35.Ke3 Nh5 36.g4 f4+ 37.Kd2 Nf6
38.Ke2 Ne8 39.Be4 Nc7 40.Kd3 Ne6 41.Bd5 Nd4 42.Ke4 a5 43.c5+ bxc5 44.bxa5 Nb5
45.Bb3 Nc3+ 46.Kd3 Nd5 47.g5 Ne3 48.Bg8 Nf5 49.Bxh7 Nxh4 50.Ke4 c4 51.Bg8 c3
52.Bb3 Nf5 53.a6 Nd4 54.Kd3 Nb5 55.Bc4 Nc7 56.Kxc3 e4 57.fxe4 Ke5 58.Kd3 f3
59.Ke3 f2 60.Bd3 Na8 61.Kxf2 Kf4 62.a7  1-0

[Event "FRA"]
[Site "FRA"]
[Date "1993.??.??"]
[Round "?"]
[White "Murrey, Jacob"]
[Black "Dorfman, Josif D"]
[Result "1/2-1/2"]
[WhiteElo "2530"]
[BlackElo "2580"]

1.e4 c5 2.Nf3 d6 3.d4 cxd4 4.Nxd4 Nf6 5.Nc3 Nc6 6.Bg5 e6 7.Qd2 a6 8.O-O-O h6
9.Be3 Qc7 10.f4 Bd7 11.h3 Nxd4 12.Qxd4 Rc8 13.g4 d5 14.Rh2 dxe4 15.Nxe4 Nxe4
16.Qxe4 Bc6 17.Qd4 Rd8 18.Qxd8+ Qxd8 19.Rxd8+ Kxd8 20.Rd2+ Kc7 21.a3 a5 22.Bd4 f6
23.c4 b6 24.Kc2 Bc5 25.Bxc5 bxc5 26.Bg2 g5 27.Bxc6 Kxc6 28.Rf2 Rf8 29.h4 gxf4
30.Rxf4 Kd6 31.Rf3 f5 32.gxf5 exf5 33.Rf4 Ke5 34.Rf1 Kd4 35.h5 Kxc4 36.b4 cxb4
37.axb4 f4 38.bxa5 f3 39.Rc1  1/2-1/2

[Event "Peer Gynt"]
[Site "Gausdal"]
[Date "1993.??.??"]
[Round "4"]
[White "Eilertsen, Jens B"]
[Black "Csom, Istvan"]
[Result "1/2-1/2"]
[WhiteElo "2240"]
[BlackElo "2475"]

1.e4 c5 2.Nf3 d6 3.d4 cxd4 4.Nxd4 Nf6 5.Nc3 Nc6 6.Bg5 e6 7.Qd2 a6 8.O-O-O h6
9.Be3 Bd7 10.f3 Qc7 11.g4 Ne5 12.h4 b5 13.Rg1 g6 14.g5 hxg5 15.hxg5 Nh5 16.b3 Rc8
17.Nce2 Nc6 18.f4 e5 19.Nxc6 Qxc6 20.fxe5 dxe5 21.Qxd7+ Qxd7 22.Rxd7 Ba3+
23.Kb1 Kxd7 24.Bh3+ Ke7 25.Bxc8 Rxc8 26.Rd1 Ke6 27.c3 Be7 28.Kc2 f6 29.gxf6 Nxf6
30.Rg1 Rg8 31.Ng3 Ng4 32.Bb6 Kd7 33.Nf1 Nf6 34.Nd2 Ke6 35.c4 g5 36.Be3 g4
37.Kd3 Bb4 38.cxb5 axb5 39.a4 Rd8+ 40.Kc2 Rc8+ 41.Kb2 Bc3+ 42.Kb1 bxa4 43.bxa4 Ra8
44.Nb3 Bb4 45.Bg5 Nxe4 46.Rxg4 Kf5 47.Rh4 Rxa4 48.Bc1 Bd6 49.Rh3 Rc4 50.Bb2 Ng5
51.Rd3 Bb4 52.Rd5 Nf3 53.Na5 Rc7 54.Nb3 Ke4 55.Rb5 Bd6 56.Rb6 Kd5 57.Rb5+ Kc4
58.Rb8 Bb4 59.Nc1 e4 60.Re8 Kd5 61.Rd8+ Ke6 62.Re8+ Kf7 63.Ra8 Nd2+ 64.Ka1 Rc2
65.Ra7+ Ke6 66.Ne2 Nb3+ 67.Ka2 Rxe2 68.Kxb3 Bc5 69.Ra4 Kd5 70.Ra8 Rg2 71.Rd8+ Bd6
72.Bc1 Ke6 73.Bh6 e3 74.Re8+ Be7 75.Bf8 Kf7 76.Rxe7+ Kxf8 77.Rxe3  1/2-1/2

[Event "Arnold Cup"]
[Site "Gausdal"]
[Date "1993.??.??"]
[Round "7"]
[White "Stefansson, Hannes"]
[Black "Gausel, Einar"]
[Result "1/2-1/2"]
[WhiteElo "2495"]
[BlackElo "2485"]

1.e4 c5 2.Nf3 Nc6 3.d4 cxd4 4.Nxd4 Nf6 5.Nc3 d6 6.Bg5 e6 7.Qd2 a6 8.O-O-O h6
9.Bf4 Bd7 10.Nxc6 Bxc6 11.f3 d5 12.Qe1 Bb4 13.a3 Ba5 14.Bd2 d4 15.Ne2 Bc7
16.Kb1 d3 17.Bc3 dxc2+ 18.Kxc2 Qc8 19.Kb1  1/2-1/2

[Event "BL9293 (Women)"]
[Site "Germany"]
[Date "1993.??.??"]
[Round "?"]
[White "Koglin, Anke"]
[Black "Espig, Gesine"]
[Result "0-1"]
[WhiteElo "2130"]
[BlackElo "2135"]

1.e4 c5 2.Nf3 Nc6 3.d4 cxd4 4.Nxd4 Nf6 5.Nc3 d6 6.Bg5 e6 7.Qd2 Be7 8.O-O-O a6
9.f4 Qc7 10.Kb1 O-O 11.h3 Rd8 12.g4 Rb8 13.f5 Nxd4 14.Qxd4 b5 15.Bg2 b4 16.Ne2 e5
17.Qd2 a5 18.Bf3 Ba6 19.Bxf6 Bxf6 20.g5 Bxe2 21.Bxe2 Be7 22.f6 Bf8 23.h4 a4
24.h5 a3 25.b3 d5 26.exd5 Rxd5 27.Qc1 Rxd1 28.Rxd1 Rd8 29.Bd3 e4 30.Bc4 Rxd1
31.Qxd1 Qe5 32.c3 Qxc3 33.Qc2 Qd4 34.g6 hxg6 35.hxg6 Qg1+ 36.Qc1 Qxg6 37.Qf4 Qxf6
38.Qxf6 gxf6 39.Kc1 Kg7 40.Kd2 Bc5 41.Ke2 f5 42.Bd5 Kf6 43.Kd2 Ke7 44.Bb7 Kd6
45.Ba6 Ke5 46.Bc4 f6 47.Bf7 f4 48.Bc4 f3 49.Bb5 Kf4 50.Bc4 Kg3 51.Ke1 e3
52.Bd5 e2 53.Bc6 Bf2+  0-1

[Event "GER-ch (Women)"]
[Site "Germany"]
[Date "1993.??.??"]
[Round "?"]
[White "Koglin, Anke"]
[Black "Kas Fromm, Rita"]
[Result "0-1"]
[WhiteElo "2130"]
[BlackElo "2200"]

1.e4 c5 2.Nf3 Nc6 3.d4 cxd4 4.Nxd4 Nf6 5.Nc3 d6 6.Bg5 e6 7.Qd2 a6 8.O-O-O h6
9.Bxf6 Qxf6 10.Nxc6 bxc6 11.f4 Qd8 12.Kb1 Qa5 13.Bc4 Rb8 14.Bb3 Be7 15.g4 Qb4
16.f5 Bd7 17.h4 c5 18.Qe2 a5 19.fxe6 fxe6 20.e5 d5 21.Nxd5 exd5 22.e6 Bc6
23.Qe5 c4 24.c3 Qb7 25.Qxg7 Rf8 26.Rhf1 cxb3 27.a4 Rxf1 28.Rxf1 Kd8 29.Rf7 Bxa4
30.Qxh6 Be8 31.Rf1 Qb5 32.Rd1 Bc6 33.Qh8+ Kc7 34.Qe5+ Kb7 35.Qg7 Re8 36.h5 Qa4
37.h6 Qa2+ 38.Kc1 Qa1+ 39.Kd2 Qxb2+ 40.Ke1 Kc8  0-1

[Event "BL2-W9293"]
[Site "Germany"]
[Date "1993.??.??"]
[Round "?"]
[White "Cuijpers, Frans Andre"]
[Black "Dueball, Juergen"]
[Result "1/2-1/2"]
[WhiteElo "2425"]
[BlackElo "2400"]

1.e4 c5 2.Nf3 d6 3.d4 cxd4 4.Nxd4 Nf6 5.Nc3 Nc6 6.Bg5 e6 7.Qd2 a6 8.O-O-O Bd7
9.f4 b5 10.Bxf6 gxf6 11.Nxc6 Bxc6 12.Bd3 Qb6 13.Rhe1 O-O-O 14.a3 Kb8 15.Kb1 Rd7
16.Qe2 Rb7 17.Na2 a5 18.c3 h5 19.Bc2 d5 20.exd5 Bxd5 21.Be4 Bxe4+ 22.Qxe4 b4
23.cxb4 axb4 24.a4 b3 25.Nc1 Bg7 26.f5 Bh6 27.fxe6 fxe6 28.Qxe6 Rc8 29.Qxb6 Rxb6
30.Ne2 Re8 31.Nd4 Rxe1 32.Rxe1 Kb7 33.Re7+ Ka6 34.Re6 Rxe6 35.Nxe6 Ka5 36.Nc5 Kb4
37.Ne4 h4 38.Nxf6 Kxa4 39.g3 hxg3 40.hxg3 Kb5 41.g4 Kc4 42.Nh7 Kd5 43.g5 Bg7
44.Nf6+ Ke6  1/2-1/2

[Event "NRW-Liga II 9293"]
[Site "Germany"]
[Date "1993.??.??"]
[Round "?"]
[White "Schischke, Reinhard"]
[Black "Dautov, Rustem"]
[Result "1/2-1/2"]
[WhiteElo "2360"]
[BlackElo "2625"]

1.e4 c5 2.Nf3 Nc6 3.d4 cxd4 4.Nxd4 Nf6 5.Nc3 d6 6.Bg5 e6 7.Qd2 a6 8.O-O-O Bd7
9.f4 b5 10.Nxc6 Bxc6 11.Bd3 Be7 12.Rhg1 O-O 13.g4 b4 14.Bxf6 Bxf6 15.Ne2 Qa5
16.Kb1 Rab8 17.g5 Bc3 18.Qe3 d5 19.e5 Rfd8 20.Bxh7+ Kf8 21.g6 d4 22.Nxd4 Qb6
23.Nxe6+ fxe6 24.Rxd8+ Qxd8 25.Qc5+ Qe7 26.Qxc6 Bd4 27.Rf1 Rd8 28.h4 a5 29.h5 a4
30.f5 Bxe5 31.fxe6+ Bf6 32.Qxa4 Qd6 33.a3 bxa3 34.Qxa3 Qxa3 35.bxa3 Ke7 36.Re1 Rb8+
37.Kc1 Bg5+ 38.Kd1 Rd8+ 39.Ke2 Rd2+ 40.Kf3 Rxc2 41.Bg8 Rc3+ 42.Kg4 Bf6 43.Rb1 Rc4+
44.Kf3 Rc3+ 45.Ke4 Rxa3 46.Rb7+ Kd6 47.Rd7+ Kc6 48.h6 Ra4+ 49.Kd3 Ra3+ 50.Kc4 gxh6
51.Rh7 Rc3+ 52.Kb4 Rg3 53.Bf7 Rg4+ 54.Kb3 Kd6 55.Rxh6 Ke7 56.Rh5 Kf8 57.Rb5 Rd4
58.Rb8+ Rd8  1/2-1/2

[Event "BL2-S9293"]
[Site "Germany"]
[Date "1993.??.??"]
[Round "?"]
[White "Gerigk, Erasmus"]
[Black "Eppinger, Georg"]
[Result "0-1"]
[WhiteElo "2265"]
[BlackElo "2285"]

1.e4 c5 2.Nf3 Nc6 3.d4 cxd4 4.Nxd4 Nf6 5.Nc3 d6 6.Bg5 e6 7.Qd2 a6 8.O-O-O h6
9.Bf4 Bd7 10.Bg3 e5 11.Nb3 Be7 12.Bh4 g5 13.Bg3 Qc7 14.f3 O-O-O 15.Bf2 Na5
16.Kb1 Nc4 17.Qd3 b5 18.Nd5 Nxd5 19.Qxd5 Be6 20.Qa8+ Kd7 21.Qxa6 Rb8 22.Qa7 Ra8
23.Nc5+ Kc6 24.Qxc7+ Kxc7 25.Nxe6+ fxe6 26.Be1 Kc6 27.Bb4 Rhd8 28.b3 Nb6
29.g3 Rf8 30.Rd3 Nd7 31.Bh3 Rf6 32.Bg4 Nc5 33.Re3 Rh8 34.h4 gxh4 35.Rxh4 Rg6
36.Rh5 Bg5 37.Re1 Rf8 38.Ba3 Bd2 39.Re2 Bc3 40.Bc1 Rff6 41.a3 Bd4 42.Bb2 Bf2
43.Rh3 Bxg3 44.Rxg3 h5 45.b4 Na4 46.c4 bxc4 47.Bxh5 Rxg3 48.Be8+ Kb6 49.Bxa4 Rfxf3
50.Bd7 c3 51.Bc1 d5 52.exd5 exd5 53.Rxe5 d4 54.Bg5 Rf1+ 55.Kc2 Rf2+ 56.Kb3 c2+  0-1

[Event "Hessen-Baden"]
[Site "Germany"]
[Date "1993.??.??"]
[Round "?"]
[White "Euler, Gerd"]
[Black "Gschnitzer, Oswald"]
[Result "0-1"]
[WhiteElo "2335"]
[BlackElo "2475"]

1.e4 c5 2.Nf3 Nc6 3.d4 cxd4 4.Nxd4 Nf6 5.Nc3 d6 6.Bg5 e6 7.Qd2 Be7 8.Nb3 a6
9.O-O-O b5 10.Bxf6 gxf6 11.Kb1 b4 12.Ne2 Qb6 13.f4 Bd7 14.g3 a5 15.Bg2 e5
16.Qd3 a4 17.Nd2 Na5 18.Rc1 Bb5 19.Qf3 Qa6 20.Rhe1 b3 21.Nc3 bxc2+ 22.Rxc2 Bd3
23.Bf1 Bxc2+ 24.Kxc2 Qb7 25.Bb5+ Nc6 26.Qg4 Kf8 27.Bxa4 Nb4+ 28.Kb1 Nd3 29.Bb3 h5
30.Qe2 Nxe1 31.Qxe1 Rc8 32.Nd5 exf4 33.Nxf4 Qa7 34.Nf3 Qc5 35.a3 Rb8 36.Qd1 f5
37.Nd4 Qe5 38.exf5 Bf6 39.Nfe2 h4 40.Qc2 hxg3 41.hxg3 Qc5 42.Qd3 Rh1+ 43.Ka2 Rh2
44.Nf3 Rf2 45.Nfd4 Kg7 46.Qe3 Rxe2 47.Qxe2 Qxd4 48.g4 Rh8 49.a4 Be5 50.f6+ Bxf6
51.a5 Ra8 52.g5 Rxa5+ 53.Kb1 Bxg5 54.Qf3 Qg1+ 55.Kc2 Qc1+ 56.Kd3 Qd2+ 57.Ke4  0-1

[Event "BL9293 (Women)"]
[Site "Germany"]
[Date "1993.??.??"]
[Round "?"]
[White "Buervenich, Silvia"]
[Black "Espig, Gesine"]
[Result "0-1"]
[WhiteElo "2155"]
[BlackElo "2135"]

1.e4 c5 2.Nf3 Nc6 3.d4 cxd4 4.Nxd4 Nf6 5.Nc3 d6 6.Bg5 e6 7.Qd2 Be7 8.O-O-O a6
9.f4 Qc7 10.Be2 O-O 11.Nb3 b5 12.Bxf6 gxf6 13.Bd3 Bb7 14.Qe2 Rfc8 15.Rhf1 Nb4
16.Rf3 Nxd3+ 17.Rdxd3 b4 18.Rg3+ Kf8 19.Qg4 Ke8 20.Qg8+ Bf8 21.Nd4 bxc3 22.Rxc3 Qd7
23.Qxh7 Rxc3 24.bxc3 Rc8 25.h4 e5 26.fxe5 dxe5 27.Rd3 exd4 28.Rxd4 Qe6 29.Qh8 Rxc3
30.h5 Qxa2 31.Rd8+ Kxd8 32.Qxf8+ Kd7 33.Qxf7+ Qxf7  0-1

[Event "BL9293 (Women)"]
[Site "Germany"]
[Date "1993.??.??"]
[Round "?"]
[White "Buervenich, Silvia"]
[Black "Wagner Michel, Annett"]
[Result "0-1"]
[WhiteElo "2155"]
[BlackElo "2175"]

1.e4 c5 2.Nf3 Nc6 3.d4 cxd4 4.Nxd4 Nf6 5.Nc3 d6 6.Bg5 e6 7.Qd2 a6 8.O-O-O Bd7
9.Be2 b5 10.Nxc6 Bxc6 11.Qe3 Be7 12.e5 Ng4 13.Bxg4 Bxg5 14.f4 Be7 15.exd6 Bxd6
16.Qd4 Bf8 17.Qe3 Qe7 18.Rhe1 g6 19.Qh3 Bg7 20.Bxe6 O-O 21.Bd5 Qc7 22.Bxc6 Qxc6
23.Nd5 Kh8 24.f5 Rad8 25.fxg6 fxg6 26.Re6 Bh6+ 27.Ne3 Qc4 28.Red6 Rxd6 29.Rxd6 Qf4
30.Rd3 Re8 31.Kd2 Qf2+ 32.Kc3 Bxe3 33.Rd1 Qf6+ 34.Kb4 Qf8+ 35.Kb3 Re7  0-1

[Event "BL2-W9293"]
[Site "Germany"]
[Date "1993.??.??"]
[Round "?"]
[White "Koscielski, Janusch"]
[Black "Heinbuch, Detlef"]
[Result "0-1"]
[WhiteElo "2315"]
[BlackElo "2360"]

1.e4 c5 2.Nf3 Nc6 3.d4 cxd4 4.Nxd4 Nf6 5.Nc3 d6 6.Bg5 e6 7.Qd2 a6 8.O-O-O Bd7
9.Nb3 Be7 10.Bxf6 gxf6 11.f4 Qc7 12.Be2 b5 13.f5 h5 14.fxe6 fxe6 15.Bd3 Qb6
16.Kb1 Ne5 17.Rhf1 a5 18.h3 a4 19.Nc1 b4 20.N3e2 a3 21.b3 Rc8 22.c4 bxc3
23.Nxc3 Rg8 24.Be2 Qc5 25.Bxh5+ Kd8 26.N1e2 Rxg2 27.Rg1 Nc4 28.bxc4 Rxg1
29.Rxg1 Qxh5 30.Rg8+ Kc7 31.Rg7 Rb8+ 32.Nb5+ Bxb5 33.Rxe7+ Bd7+ 34.Ka1 Rb2
35.Qd4 Qe5 36.Qxe5 fxe5 37.Nc3 Rc2 38.Nb1 Rxc4 39.Nxa3 Rxe4 40.Rh7 Rb4 41.h4 d5
42.h5 Kd6 43.h6 Be8 44.Rg7 Rh4 45.h7 Ba4 46.Kb2 Rh2+ 47.Kc3 Kc5 48.Kd3 Kb4  0-1

[Event "BL2-W9293"]
[Site "Germany"]
[Date "1993.??.??"]
[Round "?"]
[White "Kveinys, Aloyzas"]
[Black "Staller, Peter"]
[Result "1-0"]
[WhiteElo "2555"]
[BlackElo "2375"]

1.e4 c5 2.Nf3 Nc6 3.d4 cxd4 4.Nxd4 Nf6 5.Nc3 d6 6.Bg5 e6 7.Qd2 a6 8.O-O-O h6
9.Bf4 Bd7 10.Bg3 Nxd4 11.Qxd4 e5 12.Qe3 Rc8 13.Kb1 Qa5 14.Nd5 Nxd5 15.exd5 Qc5
16.Bd3 Be7 17.Qe2 O-O 18.f4 f6 19.fxe5 fxe5 20.Qh5 Bb5 21.Be4 Rf6 22.Rhe1 Be8
23.Qg4 Rc7 24.Rf1 Bd7 25.Qh5 Bb5 26.Rxf6 Bxf6 27.Qf3 Qc4 28.Bd3 Qa4 29.Be4 Qc4
30.Qf5 Bd7 31.Qh7+ Kf8 32.a3 b5 33.Be1 Bg4 34.Bg6 Rc8 35.Bb4 Ke7 36.Bd3 Qd4
37.Rf1 e4 38.Rxf6 Kxf6 39.Bxe4 Ke7 40.Qg6 Qd1+ 41.Ka2 Kf8 42.Bxd6+ Kg8 43.Be5  1-0